Quizzes
Events
Quiz Creation
Community
Videos
Private Events
Remove Ads
Sign In
Join for FREE
Feedback
Dark Mode
Quiz Categories
Sports
Geography
Music
Movies
Television
Just For Fun
Miscellaneous
History
Literature
Language
Science
Gaming
Entertainment
Religion
Holiday
For Kids
Quiz Lab
Recent
Popular Today
Quiz Kudos Today
Editor Picks
Curator Picks
Quizzes by...
Day
Popularity
Type
Ratings
Length
Year
Community
Subscriptions
Recent Discussions
Orange Saloon
Badges
Playlists
Quests
Create
Leaderboards
Showdown
Live 5
Trivia Bingo
Activity
Puzzle Library
Sporcle Events
Private Events
Virtual Trivia
Globe League
Become a Host
Pub Owners
SporcleCon
Opinionation
Our Games
Videos
Blog
Mobile Apps
Partnerships
Remove Ads and Go Orange
Feedback
Sports
Athletes
MLB
NBA
NHL
NFL
Soccer
Sports Teams
WWE
NCAA
Football
Premier League
Basketball
Baseball
Hockey
Golf
Tennis
Cricket
Rugby
Auto Racing
Olympics
World Cup
Sports
Athletes
MLB
NBA
NHL
NFL
Soccer
Sports Teams
WWE
NCAA
Football
Premier League
Basketball
Baseball
Hockey
Golf
Tennis
Cricket
Rugby
Auto Racing
Olympics
World Cup
Random Quiz
Search Sporcle
×
Quiz Lab
Quiz Lab
Sports
Country
Type in answers that appear in a list
Type in answers that appear in a list
Classic
Best Score? Go Orange.
Olympic Hockey Medal Tables Stats
Can you name the teams that won gold, silver and bronze respectively at the Winter Olympic Games?
By
HughCurtis
4m
63 Questions
3,491 Plays
3,491 Plays
3,491 Plays
Comments
Comments
Give Quiz Kudos
Give Quiz Kudos
-
- Ratings
hide this ad
More Info
Replay
Link that replays current quiz
Next Quiz
Link to next quiz in quiz playlist
You Got
0%
They Got
Avg Score
89%
Avg Friend Score
Upgrade to see
Score Distribution
Jump to the score distribution portion of the page
Score
0/63
Timer
04:00
0
Plays Today
Olympic Games
Country
% Correct
Antwerp, 1920
United States
99.3%
Chamonix, 1924
United States
99.3%
Lake Placid, 1932
United States
99.3%
Garmisch-
Partenkirchen, 1936
United States
99.3%
St. Moritz, 1948
United States
99.3%
Oslo, 1952
United States
99.3%
Cortina d'Ampezzo, 1956
United States
99.3%
Squaw Valley, 1960
United States
99.3%
Sapporo, 1972
United States
99.3%
Lake Placid, 1980
United States
99.3%
Salt Lake City, 2002
United States
99.3%
Antwerp, 1920
Canada
98.5%
Chamonix, 1924
Canada
98.5%
St. Moritz, 1928
Canada
98.5%
Lake Placid, 1932
Canada
98.5%
Garmisch-
Partenkirchen, 1936
Canada
98.5%
St. Moritz, 1948
Canada
98.5%
Oslo, 1952
Canada
98.5%
Cortina d'Ampezzo, 1956
Canada
98.5%
Squaw Valley, 1960
Canada
98.5%
Grenoble, 1968
Canada
98.5%
Albertville, 1992
Canada
98.5%
Lillehammer, 1994
Canada
98.5%
Salt Lake City, 2002
Canada
98.5%
St. Moritz, 1928
Sweden
96.4%
Oslo, 1952
Sweden
96.4%
Innsbruck, 1964
Sweden
96.4%
Lake Placid, 1980
Sweden
96.4%
Sarajevo, 1984
Sweden
96.4%
Calgary, 1988
Sweden
96.4%
Lillehammer, 1994
Sweden
96.4%
Turin, 2006
Sweden
96.4%
Olympic Games
Country
% Correct
Nagano, 1998
Russia
95.9%
Salt Lake City, 2002
Russia
95.9%
Calgary, 1988
Finland
93.5%
Lillehammer, 1994
Finland
93.5%
Nagano, 1998
Finland
93.5%
Turin, 2006
Finland
93.5%
Cortina d'Ampezzo, 1956
Soviet Union
90.2%
Squaw Valley, 1960
Soviet Union
90.2%
Innsbruck, 1964
Soviet Union
90.2%
Grenoble, 1968
Soviet Union
90.2%
Sapporo, 1972
Soviet Union
90.2%
Innsbruck, 1976
Soviet Union
90.2%
Lake Placid, 1980
Soviet Union
90.2%
Sarajevo, 1984
Soviet Union
90.2%
Calgary, 1988
Soviet Union
90.2%
Lake Placid, 1932
Germany
87.6%
Chamonix, 1924
Great Britain
78.6%
Garmisch-
Partenkirchen, 1936
Great Britain
78.6%
Nagano, 1998
Czech Republic
72.8%
Turin, 2006
Czech Republic
72.8%
St. Moritz, 1928
Switzerland
71.3%
Antwerp, 1920
Czechoslovakia
67.1%
St. Moritz, 1948
Czechoslovakia
67.1%
Innsbruck, 1964
Czechoslovakia
67.1%
Grenoble, 1968
Czechoslovakia
67.1%
Sapporo, 1972
Czechoslovakia
67.1%
Innsbruck, 1976
Czechoslovakia
67.1%
Sarajevo, 1984
Czechoslovakia
67.1%
Albertville, 1992
Czechoslovakia
67.1%
Innsbruck, 1976
West Germany
54.6%
Albertville, 1992
Unified Team
32.9%
Quiz Playlist
Details
Report
Send in Message
Add To Playlist
More Info:
Take in account name differences, eg: Czechoslovakia is not the same as Czech Republic.
Classic:
Type in answers that appear in a list
Quiz Source
Last Updated: Feb 16, 2017
Quiz Scoreboard
CHALLENGE
Sign Up to Join the Scoreboard
Show All
Scores
Hide
Comments
May contain spoilers
Recently Published
Pick 6: Fruits
by JohnFran
Miscellaneous
15s
Click the 1999 NBA Draft
by nibperrychub
Sports
2m
Alphabetical 'K' Countries by Flag Minefield
by ylime102
Geography
3m
More to Explore
Quiz From the Vault
Featured Blog Post
15 Basketball Trivia Facts You Can Be March Mad About
hide this ad
You Might Also Like...
Tags
Country Quiz
Hockey Quiz
Olympics Quiz
Bronze
gold
Medal
Respectively
Silver
Table
team
Winter
Winter Olympics
Won
Today's Top Quizzes in Sports
Browse Sports
hide this ad
Today's Top Quizzes in Country
Browse Country
Top Contributed Quizzes in Sports
1
Don't Strike Out: 3000 Strikeouts
2
MLB 2 truths and a lie: Hall of Fame pitchers
3
Pick 6: NFL Teams
4
Criteria MLB: Left Handed Sluggers
5
MLB Players with Two .350 Batting Average Seasons
6
2022 World Cup Stars
7
Les joueurs à 100 buts en Ligue 1 Uber Eats
8
Millionaire: NBA Finals Edition
9
Pick 6: Minor League Baseball
10
Last 10 Members of the 500 HR Club in Order
Explore More
Trending Topics
Disney
Anime
NBA
Kpop
Marvel
Harry Potter
Crossword
Country
NFL
WWE
Soccer
Pokémon
Song
The Office
Puzzle
hide this ad
More By:
HughCurtis
Quiz
Plays
Rating
Category
Featured
Created
Mixed Word: Movie Titles IV
49,646
3.93
Just For Fun
Sep 30, 2009
Countries Without Olympic Medals
3,632
3.04
Geography
Oct 3, 2009
Olympic Hockey Medal Tables
3,491
3.83
Sports
Feb 13, 2010
State Sponsored Terrorism
1,115
3.45
Geography
Oct 11, 2009
Psychologist/Theory Match-Up
688
5.00
Science
May 16, 2013
Go to Creator's Profile
Score Distribution
Quiz Creator Spotlight
HughCurtis
Follow
Send a Message
Quizzes Created
-
Created Quiz Play Count
-
More By This Creator
Popular Quizzes Today
1
Find the US States - No Outlines Minefield
2
Countries of Asia Without Outlines Minefield
3
Pick 6: Fruits
4
The Countries of the World
5
Alphabetical 'K' Countries by Flag Minefield
6
Click the 1999 NBA Draft
7
Find the US States
8
Match the Book to the Film X
More Sports Quizzes
Every team name that has ever been in the NHL
Quiz Lab
Trending Quizzes
Pick 6: Harry Potter
Pick 6: Mountains
Pick 6: NFL Teams
Pick 6: Movie Franchises
Pick 6: Golfers
Recently Updated
Women's Final Four Teams by Year
bhenderson79
Presidents Quartet II
eogle
Anything But Clue(do)
eogle
Anything But Oceanian Capitals
eogle
Anything But 7
eogle
Anything But Thing
eogle
Word Ladder: February 29
pecheneg
Song Title Questions
pecheneg
Women's NCAA Tournament #1 Seeds
pecheneg
Celebrity Mug Shots
pecheneg
Trending Topics
NBA
Disney
Anime
Harry Potter
Marvel
Kpop
Crossword
Puzzle
Soccer
Pokémon
WWE
Country
Song
NFL
The Office
Your Account Isn't Verified!
In order to create a playlist on Sporcle, you need to verify the email address you used during registration. Go to your
Sporcle Settings
to finish the process.
Report this User
Report this user for behavior that violates our
Community Guidelines
.
Details:
Send Report
Go to the Sporcle.com Mobile Site →
Comments